000
00307nam a22001097a 4500
008
160506b xxu||||| |||| 00| 0 eng d
020
_a
0192628305
041
_a
eng
080
_a
61
245
_a
Oxford textbook of geriatric medicine:
_c
J.Grimley Evans; B. Lynn Beattie; Franklin Williams;
942
_2
udc
_c
BK
999
_c
1873
_d
1873